Historia de la literatura griega /
Guardado en:
| Autor Principal: | |
|---|---|
| Formato: | Libro |
| Publicado: |
México-buenos Aires :
Fondo de Cultura Económica,
1953
|
| Edición: | 3a. ed. |
| Etiquetas: |
Agregar Etiqueta
Sin Etiquetas, Sea el primero en etiquetar este registro!
|
| LEADER | 00464nam a22001575a 4500 | ||
|---|---|---|---|
| 001 | CEM.cems001182 | ||
| 005 | 20060213000000.0 | ||
| 008 | 130507s1953##################000#0#####d | ||
| 003 | CEMS | ||
| 082 | 0 | 4 | |a 880.9 |
| 100 | 1 | |a Bowra, C.m. | |
| 245 | 1 | 0 | |a Historia de la literatura griega / |c C.M. Bowra |
| 250 | |a 3a. ed. | ||
| 260 | |a México-buenos Aires : |b Fondo de Cultura Económica, |c 1953 | ||
| 300 | |a 215 p. | ||
| 859 | |a CEMS |b BIB. CEMS - 11 de abril |h 880.9 |i B686a3 |p 12119.83 |t Ej.1 | ||
